000 00512nam a2200205Ia 4500
003 OSt
005 20140321134146.0
008 140130s9999 xx 000 0 und d
020 _a9781405021692
050 _aPZ 7
_b.D438Cap 2005
100 _aDenchfield, Nick
245 _cNick Denchfield
_aPop-up pirate ship /
260 _bScholastic,
_c2005.
_aThailand :
300 _a1 v. (unpaged) :
_bcol. ill. ;
_c25 cm.
440 _v1
521 _aG7
526 _c890
942 _cBK
_2lcc
999 _c42217
_d42217